Southville International School and Colleges
Your cart is empty.
  • Cart
  • Lists
    Public lists Eva Luna New books Lux_list list_1
    Your lists Log in to create your own lists
  • Log in to your account
  • Your cookies
  • Search history
Southville International School and Colleges
  • Advanced search
  • Recent comments
  • Most popular
  • Libraries

Log in to your account

Log in with GOOGLE


If you do not have an external account, but do have a local account, you can still log in:

  1. Home
  2. MARC view: Human resource management for the hospitality and tourism industries /
Normal view MARC view ISBD view

Human resource management for the hospitality and tourism industries / (Record no. 25774)

[ view plain ]
MARC details
000 -LEADER
fixed length control field 00691nam a22002177a 4500
005 - DATE AND TIME OF LATEST TRANSACTION
control field 20140310183639.0
008 - FIXED-LENGTH DATA ELEMENTS--GENERAL INFORMATION
fixed length control field 131214b xxu||||| |||| 00| 0 eng d
020 ## - INTERNATIONAL STANDARD BOOK NUMBER
International Standard Book Number 9780080966489
050 ## - LIBRARY OF CONGRESS CALL NUMBER
Classification number TX 911.3.P4
Item number .N53 2013
100 ## - MAIN ENTRY--PERSONAL NAME
Personal name Nickson, Dennis.
245 ## - TITLE STATEMENT
Title Human resource management for the hospitality and tourism industries /
Statement of responsibility, etc Dennis Nickson.
250 ## - EDITION STATEMENT
Edition statement 2nd ed.
260 ## - PUBLICATION, DISTRIBUTION, ETC. (IMPRINT)
Place of publication, distribution, etc London :
Name of publisher, distributor, etc Routeledge,
Date of publication, distribution, etc 2013.
300 ## - PHYSICAL DESCRIPTION
Extent 352 p. ;
Dimensions 25 cm.
504 ## - BIBLIOGRAPHY, ETC. NOTE
Bibliography, etc Includes Bibliographic References and Index.
521 ## - TARGET AUDIENCE NOTE
Target audience note
650 ## - SUBJECT ADDED ENTRY--TOPICAL TERM
Topical term or geographic name as entry element Hospitality industry
General subdivision Personnel management.
650 ## - SUBJECT ADDED ENTRY--TOPICAL TERM
Topical term or geographic name as entry element Tourism
General subdivision Personnel management.
942 ## - ADDED ENTRY ELEMENTS (KOHA)
Source of classification or shelving scheme Library of Congress Classification
Koha item type Books
Call number prefix Foreign
Holdings
Withdrawn status Lost status Source of classification or shelving scheme Damaged status Home library Current library Shelving location Date acquired Total Checkouts Full call number Barcode Date last seen Copy number Price effective from Koha item type
    Library of Congress Classification   College Library College Library Reserve Section 12/14/2013   TX 911.3.P4 .N53 2013 C17226 05/15/2018 1 12/14/2013 Books

Human resource management for the hospitality and tourism industries /

APA

Nickson D., . (2013). Human resource management for the hospitality and tourism industries. London: Routeledge.

Chicago

Nickson Dennis, . 2013. Human resource management for the hospitality and tourism industries. London: Routeledge.

Harvard

Nickson D., . (2013). Human resource management for the hospitality and tourism industries. London: Routeledge.

MLA

Nickson Dennis, . Human resource management for the hospitality and tourism industries. London: Routeledge. 2013.

  • Place hold
  • Print
  • Cite
  • Add to your cart (remove)
  • Save record
    BIBTEX Dublin Core MARCXML MARC (non-Unicode/MARC-8) MARC (Unicode/UTF-8) MARC (Unicode/UTF-8, Standard) MODS (XML) RIS
  • More searches
    Search for this title in:
    Other Libraries (WorldCat) Other Databases (Google Scholar) Online Stores (Bookfinder.com) Open Library (openlibrary.org)

Exporting to Dublin Core...

SOUTHVILLE LIBRARY

Southville International School and Colleges Library

1281 Tropical Ave. Cor. Luxembourg St., BF Homes International, Las Pinas City

Tel. No. 8256374 / 252358 Loc. 117/146

Powered by Koha